000 00937nam a22003017a 4500
003 CHAP
005 20220817041718.0
008 971013s1980 es a r 00010 spa d
010 _a22284
011 _a23256
035 _a27352
040 _cCHAP
082 0 0 _a021.65
_bC6
100 0 0 _aColl-Vinent, Roberto.
_925197
245 1 _aBanco de datos
_b: teoría de la teledocumentación
260 _aBarcelona :
_bA.T.E.,
_c1980
300 _a379 p.
_b: ilus.
590 _aBATCH-UPD
_b10
_c20130110
_lUCH01
_h1303
590 _aBATCH-UPD
_b10
_c20130410
_lUCH01
_h0820
590 _aBATCH-UPD
_b10
_c20130914
_lUCH01
_h1008
590 _aCONVERSION
_b10
_c20130109
_lUCH01
_h1313
650 1 4 _aDocumentación.
_933172
650 1 4 _aProcesamiento automático de datos en documentación.
650 1 4 _aSistemas de información.
_9106760
901 _aBK
942 _cLIBRO
949 _a021.65 C6
_bBC
_cB
_d-63504
_eB
_h52037
_i27352
_si
_t450.00
999 _c22284
_d22284